| 000 | 00742nam a2200229Ia 4500 | ||
|---|---|---|---|
| 001 | 10261 | ||
| 003 | GE_BSU | ||
| 008 | 181216s||||||||xx |||||||||||||| ||und|| | ||
| 040 | _cGE_BSU | ||
| 080 | _a821.353.1–32 | ||
| 100 | _aსანადირაძე,გიორგი | ||
| 245 | _aმზით სავსეა ზღვა | ||
| 245 | _bმოთხრობა | ||
| 245 | _cრედ,ნ.ქართველიშვილი,მხატვ.ს.ცინცაძე | ||
| 260 | _aთბილისი | ||
| 260 | _bნაკადული | ||
| 260 | _c1969 | ||
| 300 | _a94გვ.ილ.16სმ. | ||
| 653 | _aმზით სავსეა ზღვა | ||
| 653 | _aმოთხრობა | ||
| 942 | _cBK | ||
| 999 |
_c43530 _d43530 |
||